000 00894cam a22002897a 4500
003 CHAP
005 20220329140621.0
008 971013s1973 r 00010 d
010 _a54808
011 _a55780
035 _a59933
040 _cCHAP
082 _a378.242
_bT8 1973
100 0 0 _aTurabian, Kate L.
_9115584
245 1 2 _aA manual for writers of term papers, theses and dissertations
250 _a4 ed.
260 _aChicago. Ill. :
_bUniv. of Chicago,
_c1973
300 _a216 p.
590 _aBATCH-UPD
_b10
_c20130110
_lUCH01
_h0621
590 _aBATCH-UPD
_b10
_c20130410
_lUCH01
_h0304
590 _aBATCH-UPD
_b10
_c20130914
_lUCH01
_h2051
590 _aCONVERSION
_b10
_c20130109
_lUCH01
_h1330
650 1 4 _aTrabajos científicos
_xElaboración.
_9114562
901 _aBK
942 _cLIBRO
949 _a378.242 T8 1973
_bBC
_cLIBRO
_d33724000441390
_eLIBRO
_h38072
_i59933
_si
999 _c54808
_d54808